000 00437 a2200157 4500
001 167740
020 _a
040 _cMagnum
100 _aFreitas, Marcos Cezar (Org)
240 1 0 _aA reivencao do futuro: trabalho, educacao, politica na globalizacao...
_lpor
245 1 0 _aA reivencao do futuro: trabalho, educacao, politica na globalizacao...
362 0 _a1899
440 1 _aCortez
697 _aPROBLEMAS SOCIAIS
942 _cBK
999 _c167740
_d167740